Forugh Farrokhazad, poet of modern Iran (Record no. 240949)
[ view plain ]
| 000 -LEADER | |
|---|---|
| fixed length control field | 01603nam a2200385 a 4500 |
| 245 00 - TITLE STATEMENT | |
| Title | Forugh Farrokhazad, poet of modern Iran |
| 260 ## - PUBLICATION, DISTRIBUTION, ETC. (IMPRINT) | |
| Place of publication | London : |
| Name of publisher | I.B. Tauris in association with Iran Heritage Foundation, |
| Year of publication | 2010. |
| 300 ## - PHYSICAL DESCRIPTION | |
| Number of Pages | xiv, 236 p. |
| 490 1# - SERIES STATEMENT | |
| Series statement | Iran and the Persianate world |
| Series statement | International library of Iranian studies ; |
| 650 #0 - SUBJECT ADDED ENTRY--TOPICAL TERM | |
| Topical Term | Poets, Iranian. |
| Topical Term | Persian poetry |
| 700 1# - ADDED ENTRY--PERSONAL NAME | |
| Personal name | Brookshaw, Dominic Parviz. |
| Personal name | Rahimieh, Nasrin. |
| 856 40 - ELECTRONIC LOCATION AND ACCESS | |
| Uniform Resource Identifier | http://site.ebrary.com/lib/rucke/Doc?id=10463147 |
No items available.
